ბათუმის შოთა რუსთაველის სახელმწიფო უნივერსიტეტის ბიბლიოთეკა

რედუპლიკაცია სიტყვათწარმოების უმნიშვნელოვანესი ხერხი ენაში : (ბიბ.ჩანაწერი № 52694)

000 -ლიდერი
ფიქსირებული სიგრძის საკონტროლო ველი 01908nam a2200301Ia 4500
001 - საკონტროლო ნომერი
საკონტროლო ველი 19719
003 - საკონტროლო ნომრის იდენტიფიკატორი
საკონტროლო ველი GE_BSU
005 - ბოლო ოპერაციის თარიღი და დრო
საკონტროლო ველი 20200407213555.0
008 - ფიქსირებული სიგრძის მონაცემთა ელემენტები - ზოგადი ინფორმაცია
ფიქსირებული სიგრძის საკონტროლო ველი 181216s2015||||ge |||||||||||||| ||geo||
020 ## - წიგნის საერთაშორისო სტანდარტული ნომერი
International Standard Book Number ISBN 978-9941-22-691-5
040 ## - კატალოგიზაციის წყარო
Transcribing agency GE_BSU
041 ## - ენის კოდი
Language code of text/sound track or separate title geo
080 ## - უნივერსალური ათობითი კლასიფიკაციის ინდექსი
Universal Decimal Classification number 811.353.1'36 ჭ–97
100 ## - მთავარი ჩანაწერი - პიროვნების სახელი
Personal name ჭყონია, ნოდარ
9 (RLIN) 7852
245 ## - ცნობა სათაურის შესახებ
Title რედუპლიკაცია სიტყვათწარმოების უმნიშვნელოვანესი ხერხი ენაში :
Remainder of title წიგნი განკუთვნილია ფართო მასებისათვის - ყველა იმათთვის, ვისაც უყვარს მშობლიური ენა, "ვეფხისტყაოსანი", პოეზია და პროზა, ვისთვისაც წიგნი ცხოვრების თანამგზავრია /
Statement of responsibility, etc ნოდარ ჭყონია, ცირა ჭყონია, ლიანა ჭყონია ; რედ. მამია ფაღავა.
264 ## - წარმოების, გამოცემის, დისტრიბუციის და სხვა ცნობები
გამოცემის, წარმოების, დისტრიბუციის... ადგილი თბილისი :
გამოცემის, წარმოების, დისტრიბუციის... სახელწოდება უნივერსალი,
გამოცემის, წარმოების, დისტრიბუციის... თარიღი 2015.
300 ## - ფიზიკური აღწერა
Extent 311 გვ. ;
Dimensions 21 სმ.
504 ## - BIBLIOGRAPHY, ETC. NOTE
Bibliography, etc ბიბლიოგრ. გვ. :300-305
653 ## - INDEX TERM--UNCONTROLLED
Uncontrolled term ქართული ენა
653 ## - INDEX TERM--UNCONTROLLED
Uncontrolled term თურქული ენა
653 ## - INDEX TERM--UNCONTROLLED
Uncontrolled term რუსული ენა
653 ## - INDEX TERM--UNCONTROLLED
Uncontrolled term ინგლისური ენა
700 ## - ADDED ENTRY--PERSONAL NAME
Personal name ჭყონია, ცირა
Relator term ავტორი
9 (RLIN) 7867
700 ## - ADDED ENTRY--PERSONAL NAME
Personal name ჭყონია, ლიანა
Relator term ავტორი
9 (RLIN) 7868
700 ## - ADDED ENTRY--PERSONAL NAME
Personal name ფაღავა, მამია
Relator term რედაქტორი
9 (RLIN) 7869
710 ## - ADDED ENTRY--CORPORATE NAME
Corporate name or jurisdiction name as entry element ბათუმის შოთა რუსთაველის სახელმწიფო უნსტიტუტი
9 (RLIN) 7870
942 ## - ADDED ENTRY ELEMENTS (KOHA)
Koha item type წიგნი
Source of classification or shelving scheme
ეგზემპლარები
ჩამოწერის სტატუსი დაკარგული ეგზემპლარის სტატუსი კლასიფიკაციის წყარო ან თაროზე გაწყობის სქემა დაზიანების სტატუსი არ გაიცემა მუდმივი მდებარეობა (დაცვის ადგილი) ამჟამინდელი ადგილსამყოფელი თაროზე განთავსების ადგილი შეძენის თარიღი სრული შენახვის შიფრი შტრიხკოდი ბოლო ოპერაციის თარიღი ეგზემპლარის მიმდევრობითი ნომერი (კეტერი?) ფასის ძალაში შესვლის თარიღი ეგზემპლარის სახეობა
          ბათუმის შოთა რუსთაველის სახელმწიფო უნივერსიტეტის მთავარი ბიბლიოთეკა ბათუმის შოთა რუსთაველის სახელმწიფო უნივერსიტეტის მთავარი ბიბლიოთეკა წიგნსაცავი 2018-12-17 811.353.1'36 ჭ–97 52045 2018-12-17 52045 2018-12-17 წიგნი
          ბათუმის შოთა რუსთაველის სახელმწიფო უნივერსიტეტის მთავარი ბიბლიოთეკა ბათუმის შოთა რუსთაველის სახელმწიფო უნივერსიტეტის მთავარი ბიბლიოთეკა წიგნსაცავი 2018-12-17 811.353.1'36 ჭ–97 52046 2018-12-17 52046 2018-12-17 წიგნი
          ბათუმის შოთა რუსთაველის სახელმწიფო უნივერსიტეტის მთავარი ბიბლიოთეკა ბათუმის შოთა რუსთაველის სახელმწიფო უნივერსიტეტის მთავარი ბიბლიოთეკა წიგნსაცავი 2018-12-17 811.353.1'36 ჭ–97 52047 2018-12-17 52047 2018-12-17 წიგნი
          ბათუმის შოთა რუსთაველის სახელმწიფო უნივერსიტეტის მთავარი ბიბლიოთეკა ბათუმის შოთა რუსთაველის სახელმწიფო უნივერსიტეტის მთავარი ბიბლიოთეკა წიგნსაცავი 2018-12-17 811.353.1'36 ჭ–97 52048 2018-12-17 52048 2018-12-17 წიგნი
          ბათუმის შოთა რუსთაველის სახელმწიფო უნივერსიტეტის მთავარი ბიბლიოთეკა ბათუმის შოთა რუსთაველის სახელმწიფო უნივერსიტეტის მთავარი ბიბლიოთეკა წიგნსაცავი 2018-12-17 811.353.1'36 ჭ–97 52049 2018-12-17 52049 2018-12-17 წიგნი